Statistics for Artists of Eurovision

Click here to take the quiz!

General Stats

  • This quiz has been taken 201 times
    (135 since last reset)
  • The average score is 31 of 87

Answer Stats

Years RepresentedCountry(s) RepresentedEurovision Artist% Correct
2010, 2011GermanyLena
83%
1956, 1957, 1958SwitzerlandLys Assia
80%
2006, 2008RussiaDima Bilan
77%
2012, 2013, 2014San MarinoValentina Monetta
75%
1980, 1987IrelandJohnny Logan
72%
1998, 2005, 2009MaltaChiara Siracusa
67%
1983, 1991, 2006SwedenCarola
66%
1988, 2011IsraelDana International
65%
2004, 2009GreeceSakis Rouvas
64%
2001, 2005GreeceHelena Paparizou (as part of the band Antique)
63%
2010, 2014RomaniaPaula Seling & Ovi
63%
1999, 2008SwedenCharlotte Nilsson (now uses the name Charrlotte Perrelli)
62%
1956, 1957NetherlandsCorry Brokken
60%
1979, 1993FinlandKatri Helena
59%
1980, 1982, 2006Greece, CyprusAnna Vissi
58%
2004, 2013Serbia and Montenegro, SerbiaŽeljko Joksimović
54%
1984, 1992IrelandLinda Martin
54%
1993, 2010IrelandNiamh Kavanagh
53%
1999, 2005IcelandSelma
49%
1964, 1965, 1966AustriaUdo Jürgens
47%
1985, 1987, 1994GermanyWind
47%
1958, 1959, 1966ItalyDomenico Modugno
47%
1999, 2012Bosnia and HerzegovinaDino Merlin (duet with Beatrice)
47%
2004, 2012IcelandJónsi (duet with Greta Salóme)
46%
1968, 1973United KingdomCliff Richard
46%
1973, 1979Luxembourg, FranceAnne-Marie David
45%
1978, 1985IsraelIzhar Cohen (with the group The Alphabeta)
45%
2003, 2006PolandIch Troje (feat. Real McCoy)
45%
1982, 1985, 1994, 1996Sweden, NorwayElisabeth Andreassen (as part of Chips, Bobbysocks!, and a duet with Jan Werner Danielsen)
45%
1970, 1971, 1979GermanyKatja Ebstein
44%
1972, 1976, 1979NetherlandsSandra Reemer (duet with Andres and used the name Xandra)
43%
2001, 2006MaltaFabrizio Faniello
40%
1964, 1974ItalyGigliola Cinquetti
40%
2005, 2009Bosnia and Herzegovina, CroatiaFeminnem
40%
1956, 1958, 1960, 1962BelgiumFud Leclerc
40%
1967, 1972LuxembourgVicky Leandros
38%
1986, 1999Yugoslavia, CroatiaDoris Dragović
35%
2011, 2012DenmarkJedward
35%
1984, 1985, 1988DenmarkHot Eyes
34%
1994, 2000SwedenRoger Pontare (duet with Marie Bergman)
33%
1972, 1984GermanyMary Roos
33%
1971, 1976, 1979, 1981SwitzerlandPeter, Sue and Marc (with Pfuri Gorps & Kniri)
32%
1976, 1985ItalyAl Bano & Romina Power
32%
1989, 1991AustriaThomas Forstner
31%
1974, 1978, 1985Luxembourg, GermanyIreen Sheer (part of the group consiting of Annemieke Verdoorn, Franck Olivier, Chris Roberts, Diane Solomon and Malcolm Roberts)
31%
1979, 1981, 1993DenmarkTommy Seebach (as part of the Tommy Seebach Band and duet with Debbie Cameron)
30%
1973, 1977IsraelIlanit
30%
1969, 1980SwizerlandPaola del Medico (also as just Paola)
30%
1977, 1992ItalyMia Martini
29%
1957, 1958GermanyMargot Hielscher
29%
2007, 2013BulgariaElitsa & Stoyan
29%
1979, 1986Greece, CyprusElpida
29%
1996, 1997TurkeyŞebnem Paker (with Etnik)
28%
1961, 1981LuxembourgJean-Claude Pascal
28%
1992, 1993AustriaTony Wegas
27%
1961, 1965SpainConchita Bautista
26%
1978, 1982, 1983NorwayJahn Teigen (duet with Anita Skorgan)
25%
1976, 1979, 1982NorwayAnita Skorgan (duet with Jahn Teigen)
25%
1995, 1998CroatiaDanijela Martinović (Part of the group Magazin in the Eurovision act Magazin & Lidija Horvat-Dunjko)
24%
1982, 1985SwedenKikki Danielsson (part of the band Chips)
24%
1971, 1972SwedenFamily Four
24%
1960, 1969Sweden, GermanySiw Malmkvist
22%
1966, 1972Monaco, YugoslaviaTereza Kesovija
21%
1962, 1973FinlandMarion Rung
21%
2006, 2012MoldovaZdob şi Zdub
21%
1976, 1988IsraelYardena Arazi (Part of the group Chocolat, Menta, Mastik)
20%
1978, 1981United KingdomCheryl Baker (Part of the bands Co-Co & Buck Fizz)
20%
1962, 1968FranceIsabelle Aubret
19%
1966, 1967SpainRaphael
19%
1996, 2002, 2007CyprusConstantinos Christoforou (under the name Constantinos and part of the band One)
18%
1985, 1988TurkeyMFÖ
18%
1964, 1969, 1974Monaco, LuxembourgRomuald
16%
1975, 1977IrelandThe Swarbriggs (part of the The Swarbriggs Plus Two)
15%
1959, 1962France, SwitzerlandJean Philippe
15%
1963, 1965YugoslaviaVice Vukov
14%
1986, 1989PortugalDora
14%
1994, 1997Bosnia and HerzegovinaAlma Čardžić (duet with Dejan Lazarević)
14%
1989, 1995TurkeyArzu Ece (Part of the group Pan)
14%
1962, 1963United KingdomRonnie Carroll
13%
1961, 1969PortugalSimone de Oliveira
12%
1996, 1997EstoniaMaarja Liis-Ilus (duet with Ivo Linna)
11%
1957, 1959DenmarkBirthe Wilke (duet with Gustav Winckler)
10%
1965, 1967, 1969NorwayKirsti Sparboe
9%
1966, 1977Luxembourg, MonacoMichèle Torr
9%
1962, 1967ItalyClaudio Villa
9%
1960, 1962MonacoFrançois Deguelt
9%
1974, 1976NorwayAnne-Karine Strøm (duet with Bendik Singers)
5%

Score Distribution

Percentile by Number Answered

Percent of People with Each Score

Your Score History

You have not taken this quiz since the last reset